<?xml version="1.0" encoding="UTF-8"?><?xml-stylesheet type="text/xsl" href="static/style.xsl"?><OAI-PMH xmlns="http://www.openarchives.org/OAI/2.0/" xmlns:xsi="http://www.w3.org/2001/XMLSchema-instance" xsi:schemaLocation="http://www.openarchives.org/OAI/2.0/ http://www.openarchives.org/OAI/2.0/OAI-PMH.xsd"><responseDate>2026-04-17T11:59:05Z</responseDate><request verb="GetRecord" identifier="oai:www.recercat.cat:2117/133290" metadataPrefix="marc">https://recercat.cat/oai/request</request><GetRecord><record><header><identifier>oai:recercat.cat:2117/133290</identifier><datestamp>2025-07-23T07:06:24Z</datestamp><setSpec>com_2072_1033</setSpec><setSpec>col_2072_452951</setSpec></header><metadata><record xmlns="http://www.loc.gov/MARC21/slim" xmlns:dcterms="http://purl.org/dc/terms/" xmlns:xsi="http://www.w3.org/2001/XMLSchema-instance" xmlns:doc="http://www.lyncode.com/xoai" xsi:schemaLocation="http://www.loc.gov/MARC21/slim http://www.loc.gov/standards/marcxml/schema/MARC21slim.xsd">
   <leader>00925njm 22002777a 4500</leader>
   <datafield ind2=" " ind1=" " tag="042">
      <subfield code="a">dc</subfield>
   </datafield>
   <datafield ind2=" " ind1=" " tag="720">
      <subfield code="a">Valls Chacón, Ferran</subfield>
      <subfield code="e">author</subfield>
   </datafield>
   <datafield ind2=" " ind1=" " tag="260">
      <subfield code="c">2018-07-02</subfield>
   </datafield>
   <datafield ind2=" " ind1=" " tag="520">
      <subfield code="a">Decidir la situació més òptima per la utilització d'una osmosi inversa per tal d'aprofitar aigua en un procés industrial general.</subfield>
   </datafield>
   <datafield ind2=" " ind1=" " tag="520">
      <subfield code="a">El canvi  de disseny del cicle de l’aigua d’una indústria ha  fet  augmentar  la  conductivitat  global  del sistema i ha posat en perill el futur funcionament d’un equip d’osmosi inversa que s’està instal·lant, després de la depuradora, per aprofitar aigua per lestorres de refrigeració. Es  descobrirà  queel  rebuig  dels tractaments d’aigua amb columnes d’intercanvi iònic són elsprincipalscausants  d’aquest  augment  de  conductivitat,  tot  i  que  operen  de  forma  correcta. Anteriorment,el rebuig d’aquestes columnes,esportavaal  riu,  però  la  llei  actual  no  ho  permet  i s’han redirigit dintre del cicle de l’aiguade la fàbrica.En aquest treball es crearan escenaris per donar solució  al problemaa curt i llarg termini, disminuir aquesta  conductivitatglobali  permetre  el funcionament de l’osmosi inversa que s’ha de posar en marxa. Les solucions tenen de base els equips d’osmosi inversa.Una de les condicions, i alhora complicació, ha estat no excedir el consum d’aigua global de la fàbrica. Per  tant, l’estudi  realitzat també consta  d'una  part  de  millora  dels  actuals  equips  de  la  indústria  on s'ha  treballat  per  saber  si  és  necessari  i  rendible  la  substitució  dels tractaments d’aiguaper  un sistema d'osmosi inversa. Veurem que la substitució no pot ser total i s'haurà de conservar els antics equips de descalcificació i descarbonatació.</subfield>
   </datafield>
   <datafield tag="653" ind2=" " ind1=" ">
      <subfield code="a">Àrees temàtiques de la UPC::Enginyeria química</subfield>
   </datafield>
   <datafield tag="653" ind2=" " ind1=" ">
      <subfield code="a">Reverse osmosis</subfield>
   </datafield>
   <datafield tag="653" ind2=" " ind1=" ">
      <subfield code="a">Water--Purification</subfield>
   </datafield>
   <datafield tag="653" ind2=" " ind1=" ">
      <subfield code="a">osmosi inversa</subfield>
   </datafield>
   <datafield tag="653" ind2=" " ind1=" ">
      <subfield code="a">RO</subfield>
   </datafield>
   <datafield tag="653" ind2=" " ind1=" ">
      <subfield code="a">tractaments d'aigua</subfield>
   </datafield>
   <datafield tag="653" ind2=" " ind1=" ">
      <subfield code="a">aigua</subfield>
   </datafield>
   <datafield tag="653" ind2=" " ind1=" ">
      <subfield code="a">aprofitament d'aigua</subfield>
   </datafield>
   <datafield tag="653" ind2=" " ind1=" ">
      <subfield code="a">sostenibilitat</subfield>
   </datafield>
   <datafield tag="653" ind2=" " ind1=" ">
      <subfield code="a">impacte ambiental</subfield>
   </datafield>
   <datafield tag="653" ind2=" " ind1=" ">
      <subfield code="a">intercanvi iònic</subfield>
   </datafield>
   <datafield tag="653" ind2=" " ind1=" ">
      <subfield code="a">ultrafiltració</subfield>
   </datafield>
   <datafield tag="653" ind2=" " ind1=" ">
      <subfield code="a">anàlisi</subfield>
   </datafield>
   <datafield tag="653" ind2=" " ind1=" ">
      <subfield code="a">Osmosi inversa</subfield>
   </datafield>
   <datafield tag="653" ind2=" " ind1=" ">
      <subfield code="a">Tractament d'aigua</subfield>
   </datafield>
   <datafield ind2="0" ind1="0" tag="245">
      <subfield code="a">Instal·lació osmosi inversa per disminuir el consum d'aigua en un procés industrial</subfield>
   </datafield>
</record></metadata></record></GetRecord></OAI-PMH>